NHL Teams by #1 Goalie & Captain - Statistics

General Stats
  • This quiz has been taken 994 times
  • The average score is 25 of 30
Answer Stats
#1 Goalie Captain Team % Correct
Crawford Toews Chicago Blackhawks
98%
Fleury Crosby Pittsburgh Penguins
97%
Rask Chara Boston Bruins
95%
Quick Brown Los Angeles Kings
95%
Holtby Ovechkin Washington Capitals
95%
Hiller Getzlaf Anaheim Ducks
93%
Niemi Thornton San Jose Sharks
93%
Bishop Stamkos Tampa Bay Lightning
93%
Price Gionta Montreal Canadiens
92%
Varlamov Landeskog Colorado Avalanche
91%
Lehtonen Ja. Benn Dallas Stars
90%
Lack H Sedin Vancouver Canucks
90%
Lundqvist None New York Rangers
89%
Mason Giroux Philadelphia Flyers
89%
Rinne Weber Nashville Predators
88%
Ward Staal Carolina Hurricanes
87%
Brodeur Salvador New Jersey Devils
85%
Howard Zetterberg Detroit Red Wings
84%
Luongo Jovanovski Florida Panthers
83%
Nabokov Tavares New York Islanders
83%
Bobrovsky NONE Columbus Blue Jackets
82%
Ramo Giordano Calgary Flames
81%
Bryzgalov Koivu Minnesota Wild
81%
Smith Doan Phoenix Coyotes
81%
Anderson Spezza Ottawa Senators
80%
Bernier Phaneuf Toronto Maple Leafs
77%
Miller Backes St. Louis Blues
72%
Pavelec Ladd Winnipeg Jets
69%
Scrivens Ference Edmonton Oilers
60%
Enroth None Buffalo Sabres
56%
No matching quizzes found
Score Distribution
Percent of People with Each Score
Percentile by Number Answered
Your Score History
You have not taken this quiz